|
|
|
|
| LEADER |
00715nam a2200193 a 4500 |
| 001 |
00004413 |
| 008 |
121213s1990 bg d 000 0 mul d |
| 040 |
|
|
|a BD-DhAAL
|c BD-DhAAL
|
| 082 |
0 |
0 |
|a 340.09549203
|2 22
|
| 100 |
1 |
|
|a Rahman,Ghazi Shamsur.
|
| 245 |
0 |
0 |
|a Law dictionary /
|c Ghazi Shamsur Rahman.
|
| 260 |
|
|
|a Dhaka :
|b Royal Library,
|c 1990
|
| 300 |
|
|
|a 318, :
|c 23 cm.
|
| 490 |
|
|
|a Royal law series.
|
| 541 |
|
|
|e 00004413
|
| 650 |
|
0 |
|a Law
|z Bangladesh
|x Dictionaries
|
| 852 |
1 |
|
|a Ayesha Abed Library
|j General shelf
|
| 999 |
|
|
|c 13003
|d 13003
|
| 952 |
|
|
|0 0
|1 4
|2 ddc
|4 0
|6 340_095492030000000_RAH
|7 0
|9 21532
|a BRACUL
|b BRACUL
|c REF
|d 2012-12-13
|g 150.00
|l 0
|o 340.09549203 RAH
|p 3010004413
|r 2012-12-13
|t 1
|w 2012-12-13
|y BK
|x Koha Inventory 2020
|